02453nab a2200253uuc4500001000800000005001700008008004100025035001200066040001300078041000800091100005200099245011100151520150300262650002901765650003001794650004201824650002701866650003601893700003501929700004301964700005102007700003702058773010402095132412620251111095601.0130417e20121205 spa  a1324126 ccomduadb aspa10aBlanca Gutiérrez, Joaquín Jesús4auteaut10aRelación del cuidado que demandan las personas mayores en hogares para ancianos: metaestudio cualitativo3 aObjetivo: describir que tipo de cuidados y de interacción humana demandan de sus enfermeras las personas mayores que viven en un hogar para ancianos, a partir de la síntesis y el reanálisis de los datos proporcionados por una serie de estudios primarios que han abordado la experiencia de vivir en un hogar para ancianos. Antecedentes: los estudios de tipo cualitativo que han tratado el tema de las experiencias vitales en un hogar para ancianos se han centrado en aspectos como la vida diaria, la calidad de vida, las experiencias de sufrimiento, los cuidados recibidos, la proximidad de la muerte y las relaciones personales. Materiales y métodos: metaestudio cualitativo de tipo análisis de metadatos. Las bases de datos empleadas han sido: ISI Web of Knowledge, CINAHL, EMBASE, LILACS y CUIDEN PLUS. Se han seleccionado 29 estudios. Resultados: las categorías centrales emergentes de los datos han sido: las cualidades personales demandadas al personal cuidador, las intervenciones cuidadoras, la relación personal con los cuidadores y la influencia de la relación persona mayor-cuidador en otros aspectos. Conclusión: con este trabajo hemos pretendido sintetizar las evidencias proporcionadas por una serie de investigaciones primarias tratando de proporcionar un nivel de conocimientos mayor sobre las necesidades de atención de las personas residentes en un hogar para ancianos, siempre a partir de los testimonios, las experiencias y las vivencias de los protagonistas. 7aAsilos de ancianos2lemb aAsistencia a los ancianos 7aServicios de salud para ancianos2dcs aAnálisis cualitativo 7aAtención de enfermería2dcs10aLinares Abad, Manuel4auteaut10aGrande Gascón, Maria Luisa4auteaut10aJiménez Díaz, María del Carmen4auteaut10aHidalgo Pedraza, Luisa4auteaut0 tAquichan (Bogotá)gVolumen 12, Número 03, Diciembre 2012, p. 213-227w751063x1657-59970242481